| 000 | 00358 a2200157 4500 | ||
|---|---|---|---|
| 001 | 59812 | ||
| 020 | _a9783785549841 | ||
| 040 | _cAnchieta - Pituba | ||
| 100 | _aSchwindt, Peter | ||
| 240 | 1 | 0 |
_aJustin time zeitsprung _lpor |
| 245 | 1 | 0 | _aJustin time zeitsprung |
| 300 | _a329 | ||
| 362 | 0 | _a2007 | |
| 650 | 4 | _aLiteratura juvenil em alemão | |
| 942 | _cBK | ||
| 999 |
_c59812 _d59812 |
||